000 00471nam a2200181Ia 4500
008 170705s9999 xx 000 0 und d
020 _a9780590224298
245 2 _aA kiss for little bear /
245 _cby Else Holmelund Minarik ; pictures by Maurice Sendak.
260 _aNew York :
260 _bScholastic,
260 _c1968
300 _a32 pages :
300 _bcolor illustration ;
300 _c22cm.
440 _aAn I can read book.
500 _a100
999 _c336992
_d336992